[Event "Julius Baer GenCup Pl/In"]
[Site "Chess.com INT"]
[Date "2024.09.25"]
[Round "9"]
[White "Harutjunyan, Gevorg"]
[Black "Kaidanov, Gregory S"]
[Result "1-0"]
[WhiteElo "2350"]
[BlackElo "2534"]
[PlyCount "121"]
[EventDate "2024.09.25"]
[EventType "swiss (rapid)"]
[EventRounds "9"]
[EventCountry "GER"]
[SourceTitle "EXT 2025"]
[Source "ChessBase"]
[SourceDate "2024.10.14"]
[SourceVersion "1"]
[SourceVersionDate "2024.10.14"]
[SourceQuality "1"]

1. e4 e5 2. Nf3 Nc6 3. d4 exd4 4. Nxd4 Bb4+ 5. c3 Bc5 6. Nf5 Qf6 7. Be3 Bxe3 8. Nxe3 Nge7 9. Bd3 d6 10. 0-0 0-0 11. f4 Qh6 12. Nd2 Rb8 13. Qf3 f5 14. Nd5 Nxd5 15. exd5 Ne7 16. Rae1 Qf6 17. Qe3 Nxd5 18. Bc4 c6 19. Bxd5+ cxd5 20. Qxa7 Bd7 21. Qb6 Bc6 22. Nf3 Ra8 23. a3 Ra6 24. Qd4 Qd8 25. Re6 Ra4 26. b4 Rxa3 27. Rfe1 Re8 28. Rxe8+ Bxe8 29. Qxd5+ Bf7 30. Qxb7 Rxc3 31. Re7 Rc1+ 32. Kf2 Qf8 33. Ng5 Bc4 34. Qd7 Rc2+ 35. Kg3 Rc3+ 36. Kh4 h6 37. Re8 hxg5+ 38. Kxg5 Qxe8 39. Qxe8+ Kh7 40. Qg6+ Kg8 41. Qxd6 Rc2 42. Qc6 Bb3 43. Qa8+ Kh7 44. Kxf5 Re2 45. Kg5 Rd2 46. Qe4+ Kg8 47. h4 Bd5 48. Qe8+ Kh7 49. g4 Bf3 50. Qe3 Rd5+ 51. f5 Bd1 52. Qe4 Bb3 53. Kf4 Rd1 54. f6+ Kg8 55. Qe8+ Kh7 56. fxg7 Rf1+ 57. Kg5 Kxg7 58. Qe5+ Kh7 59. b5 Rf7 60. b6 Bc2 61. h5 1-0

[Event "Julius Baer GenCup Pl/In"]
[Site "Chess.com INT"]
[Date "2024.09.25"]
[Round "7"]
[White "Kaidanov, Gregory S"]
[Black "Guliyev, Namig"]
[Result "1-0"]
[WhiteElo "2534"]
[BlackElo "2486"]
[PlyCount "69"]
[EventDate "2024.09.25"]
[EventType "swiss (rapid)"]
[EventRounds "9"]
[EventCountry "GER"]
[SourceTitle "EXT 2025"]
[Source "ChessBase"]
[SourceDate "2024.10.14"]
[SourceVersion "1"]
[SourceVersionDate "2024.10.14"]
[SourceQuality "1"]

1. Nf3 d5 2. g3 Bg4 3. Bg2 Nd7 4. h3 Bh5 5. d4 Ngf6 6. c4 e6 7. Qb3 Qc8 8. cxd5 exd5 9. Nc3 c6 10. Bf4 Be7 11. Rc1 0-0 12. g4 Bg6 13. g5 Nh5 14. Nxd5 Bd8 15. Bh2 Re8 16. e3 Nf8 17. 0-0 Ne6 18. h4 a5 19. Ne5 a4 20. Qd1 f6 21. Nxg6 hxg6 22. Qd3 Nf8 23. gxf6 gxf6 24. Nf4 Qg4 25. Nxh5 Qxh5 26. Bg3 f5 27. d5 Bxh4 28. dxc6 Bxg3 29. fxg3 Qg5 30. cxb7 Rad8 31. Qc4+ Kg7 32. Qf4 Ne6 33. Qxg5 Nxg5 34. Rc7+ Kh6 35. Rfc1 1-0

[Event "Julius Baer GenCup Pl/In"]
[Site "Chess.com INT"]
[Date "2024.09.25"]
[Round "4"]
[White "Kaidanov, Gregory S"]
[Black "Nguyen, Ngoc Truong Son"]
[Result "1-0"]
[WhiteElo "2534"]
[BlackElo "2633"]
[PlyCount "99"]
[EventDate "2024.09.25"]
[EventType "swiss (rapid)"]
[EventRounds "9"]
[EventCountry "GER"]
[SourceTitle "EXT 2025"]
[Source "ChessBase"]
[SourceDate "2024.10.14"]
[SourceVersion "1"]
[SourceVersionDate "2024.10.14"]
[SourceQuality "1"]

1. Nf3 d5 2. g3 g6 3. c4 c6 4. Bg2 Bg7 5. Qa4 d4 6. d3 e5 7. b4 Ne7 8. 0-0 0-0 9. Nbd2 h6 10. Rb1 Nd7 11. Qc2 f5 12. Nb3 g5 13. e3 dxe3 14. fxe3 Ng6 15. Bb2 g4 16. Nfd2 Qg5 17. Rbe1 h5 18. c5 Nf6 19. Nc4 Nd5 20. a3 f4 21. exf4 exf4 22. Bxg7 Kxg7 23. Qb2+ Kh6 24. Be4 f3 25. Bxg6 Qxg6 26. Ne5 Qg7 27. Nd4 Bf5 28. Qd2+ Kh7 29. Nxf5 Rxf5 30. d4 Raf8 31. Kf2 Kg8 32. Nc4 Qg5 33. Qxg5+ Rxg5 34. Re6 Rd8 35. Rfe1 Nc7 36. Rd6 Rd5 37. Re7 Nb5 38. Rg6+ Kf8 39. Rgg7 Rf5 40. Ne5 Rxe5 41. Ref7+ Ke8 42. dxe5 Rd2+ 43. Kf1 Nc3 44. e6 Rd1+ 45. Kf2 Rd2+ 46. Kf1 Rd1+ 47. Kf2 Rd2+ 48. Ke3 Re2+ 49. Kd3 Rxe6 50. Kxc3 1-0

[Event "Julius Baer GenCup Pl/In"]
[Site "Chess.com INT"]
[Date "2024.09.25"]
[Round "5"]
[White "Samadov, Read"]
[Black "Kaidanov, Gregory S"]
[Result "1-0"]
[WhiteElo "2497"]
[BlackElo "2534"]
[PlyCount "127"]
[EventDate "2024.09.25"]
[EventType "swiss (rapid)"]
[EventRounds "9"]
[EventCountry "GER"]
[SourceTitle "EXT 2025"]
[Source "ChessBase"]
[SourceDate "2024.10.14"]
[SourceVersion "1"]
[SourceVersionDate "2024.10.14"]
[SourceQuality "1"]

1. d4 d5 2. c4 e6 3. Nf3 Nf6 4. Nc3 c6 5. Bg5 Nbd7 6. e3 Be7 7. Qc2 0-0 8. Rd1 h6 9. Bh4 b6 10. cxd5 cxd5 11. Bd3 Bb7 12. 0-0 Rc8 13. Qa4 a6 14. Bxf6 Nxf6 15. Qb3 b5 16. a3 Nd7 17. Bb1 Qa5 18. Rc1 Bd6 19. Rfe1 f5 20. Ne2 g5 21. g3 Rc4 22. Nc3 Rfc8 23. Nd2 R4c7 24. e4 fxe4 25. Ndxe4 Be7 26. Nd2 Qb6 27. Qc2 Nf8 28. Nf3 Bf6 29. Qd3 Qd6 30. Ne5 Bg7 31. Re2 b4 32. axb4 Qxb4 33. Qe3 a5 34. Rd1 Ba6 35. Red2 Bb7 36. Ng6 Re8 37. Nxf8 Kxf8 38. Bg6 Ree7 39. Ne2 Kg8 40. Nc1 a4 41. Qe2 e5 42. dxe5 Rxe5 43. Qf3 d4 44. Qd3 Rd7 45. Bf5 Rd8 46. Bg4 Qb6 47. Bf3 Ba6 48. Qb1 d3 49. Nxd3 Bxd3 50. Rxd3 Rde8 51. Qa2+ Kh8 52. Kg2 Rf5 53. Rd6 Qc5 54. Qxa4 Ref8 55. R6d3 g4 56. Qxg4 Qc2 57. R1d2 Qc5 58. b4 Qb6 59. h4 R5f6 60. h5 Rf5 61. Rd6 Qb5 62. Rd8 Qe5 63. Rxf8+ Rxf8 64. Qg6 1-0

[Event "Titled Tuesday intern op 24th Sep Early"]
[Site "Chess.com INT"]
[Date "2024.09.24"]
[Round "9"]
[White "Kaidanov, Gregory S"]
[Black "Mompel Ferruz, Xavier"]
[Result "1-0"]
[WhiteElo "2534"]
[BlackElo "2273"]
[PlyCount "49"]
[EventDate "2024.09.24"]
[EventType "swiss (blitz)"]
[EventRounds "11"]
[EventCountry "USA"]
[SourceTitle "EXT 2025"]
[Source "ChessBase"]
[SourceDate "2024.10.14"]
[SourceVersion "1"]
[SourceVersionDate "2024.10.14"]
[SourceQuality "1"]

1. Nf3 d5 2. g3 Nf6 3. Bg2 c5 4. c4 d4 5. e3 Nc6 6. exd4 cxd4 7. 0-0 e6 8. d3 Bd6 9. Na3 Bxa3 10. bxa3 0-0 11. Re1 Nd7 12. a4 Nc5 13. Ba3 Qa5 14. Rb1 a6 15. Ne5 Nxa4 16. Nxc6 bxc6 17. Bxf8 Kxf8 18. Bxc6 Nc3 19. Qd2 Ra7 20. Rb8 Qc7 21. Qf4 Qxc6 22. Qxd4 Qc7 23. Rxc8+ Qxc8 24. Qxa7 Qc6 25. Qb8+ 1-0

[Event "Titled Tuesday intern op 24th Sep Early"]
[Site "Chess.com INT"]
[Date "2024.09.24"]
[Round "3"]
[White "Kaidanov, Gregory S"]
[Black "Ocido, Michael"]
[Result "1-0"]
[WhiteElo "2534"]
[BlackElo "2096"]
[PlyCount "57"]
[EventDate "2024.09.24"]
[EventType "swiss (blitz)"]
[EventRounds "11"]
[EventCountry "USA"]
[SourceTitle "EXT 2025"]
[Source "ChessBase"]
[SourceDate "2024.10.14"]
[SourceVersion "1"]
[SourceVersionDate "2024.10.14"]
[SourceQuality "1"]

1. Nf3 g6 2. d4 Bg7 3. c4 Nf6 4. Nc3 d5 5. cxd5 Nxd5 6. e4 Nxc3 7. bxc3 c5 8. Bb5+ Nc6 9. 0-0 0-0 10. Be3 cxd4 11. cxd4 Bg4 12. d5 Ne5 13. Rc1 Nxf3+ 14. gxf3 Bh3 15. Re1 Qa5 16. Bc4 Rac8 17. Qd2 Qa3 18. Bb3 a5 19. f4 a4 20. Bc4 b5 21. Bxb5 Bc3 22. Qd3 Rc7 23. Bd2 Rfc8 24. Qxh3 Qb2 25. Bxc3 Rxc3 26. Rxc3 Rxc3 27. Qd7 Qd2 28. Re2 Qxf4 29. h3 1-0

[Event "Titled Tuesday intern op 24th Sep Early"]
[Site "Chess.com INT"]
[Date "2024.09.24"]
[Round "10"]
[White "Olendo, Sara Francine"]
[Black "Kaidanov, Gregory S"]
[Result "0-1"]
[WhiteElo "1802"]
[BlackElo "2534"]
[PlyCount "56"]
[EventDate "2024.09.24"]
[EventType "swiss (blitz)"]
[EventRounds "11"]
[EventCountry "USA"]
[SourceTitle "EXT 2025"]
[Source "ChessBase"]
[SourceDate "2024.10.14"]
[SourceVersion "1"]
[SourceVersionDate "2024.10.14"]
[SourceQuality "1"]

1. e4 e5 2. Nf3 Nc6 3. Bc4 Nf6 4. d3 Be7 5. c3 0-0 6. a4 d5 7. exd5 Nxd5 8. h3 Bf5 9. 0-0 Nb6 10. Bb5 e4 11. Bxc6 bxc6 12. Nd4 Qd7 13. Nxf5 Qxf5 14. dxe4 Qxe4 15. Re1 Rad8 16. Bd2 Qh4 17. Qf3 Nc4 18. Bc1 Bd6 19. b3 Ne5 20. Qe4 Qh5 21. Be3 Rfe8 22. Bxa7 Nf3+ 23. gxf3 Rxe4 24. fxe4 Qxh3 25. e5 Bxe5 26. Bd4 Qh2+ 27. Kf1 Bxd4 28. cxd4 Qh1+ 0-1

[Event "Titled Tuesday intern op 24th Sep Early"]
[Site "Chess.com INT"]
[Date "2024.09.24"]
[Round "5"]
[White "Turzo, Attila"]
[Black "Kaidanov, Gregory S"]
[Result "0-1"]
[WhiteElo "2278"]
[BlackElo "2534"]
[PlyCount "116"]
[EventDate "2024.09.24"]
[EventType "swiss (blitz)"]
[EventRounds "11"]
[EventCountry "USA"]
[SourceTitle "EXT 2025"]
[Source "ChessBase"]
[SourceDate "2024.10.14"]
[SourceVersion "1"]
[SourceVersionDate "2024.10.14"]
[SourceQuality "1"]

1. e4 e5 2. Nf3 Nc6 3. d4 exd4 4. Nxd4 Bb4+ 5. c3 Bc5 6. Nxc6 bxc6 7. Bd3 d6 8. 0-0 Ne7 9. Kh1 0-0 10. Nd2 f5 11. exf5 Bxf5 12. Ne4 Bb6 13. f4 Qd7 14. Bd2 Rae8 15. Qc2 Kh8 16. Rae1 h6 17. Ng3 Bxd3 18. Qxd3 Qg4 19. Qf3 Qxf3 20. Rxf3 Nd5 21. f5 Rxe1+ 22. Bxe1 Re8 23. Bd2 h5 24. h4 Nf6 25. Rf1 Ne4 26. Nxe4 Rxe4 27. g3 Re2 28. Bc1 Kg8 29. a4 Rc2 30. Rd1 Kf7 31. Bg5 Bf2 32. Kg2 Rxb2 33. Kf3 d5 34. Rd2 Rxd2 35. Bxd2 Bb6 36. Bf4 Kf6 37. g4 hxg4+ 38. Kxg4 Ba5 39. h5 Bxc3 40. h6 gxh6 41. Bxh6 c5 42. Bg5+ Kf7 43. Bd8 Be5 44. a5 a6 45. Kg5 c4 46. f6 c3 47. Kf5 c2 48. Kxe5 c1Q 49. Kxd5 Qd2+ 50. Kc6 Qxd8 51. Kb7 Qd5+ 52. Kxa6 Kxf6 53. Ka7 Qxa5+ 54. Kb7 c5 55. Kc6 c4 56. Kb7 c3 57. Kb8 c2 58. Kb7 c1Q 0-1

[Event "Titled Tuesday intern op 10th Sep Early"]
[Site "Chess,com INT"]
[Date "2024.09.10"]
[Round "7"]
[White "Kaidanov, Gregory S"]
[Black "Steinberg, Nitzan"]
[Result "0-1"]
[WhiteElo "2534"]
[BlackElo "2554"]
[PlyCount "144"]
[EventDate "2024.09.10"]
[EventType "swiss (blitz)"]
[EventRounds "11"]
[EventCountry "USA"]
[SourceTitle "EXT 2025"]
[Source "ChessBase"]
[SourceDate "2024.10.14"]
[SourceVersion "1"]
[SourceVersionDate "2024.10.14"]
[SourceQuality "1"]

1. Nf3 d5 2. g3 Nd7 3. d4 Ngf6 4. Nc3 Nb6 5. Bg2 Bf5 6. Nh4 Bg4 7. h3 Bd7 8. e4 dxe4 9. Nxe4 Nxe4 10. Bxe4 c6 11. Bg2 g6 12. 0-0 Bg7 13. Re1 0-0 14. Bg5 Be6 15. c3 Qd7 16. Kh2 Rfe8 17. Nf3 f6 18. Bf4 Bf7 19. Qc1 a5 20. Bh6 Bh8 21. h4 a4 22. h5 Ra5 23. hxg6 hxg6 24. Bh3 Rh5 25. Nh4 Qd5 26. Bg4 g5 27. Bxh5 Bxh5 28. Ng2 Bf3 29. Ne3 Qd7 30. Qc2 f5 31. Qxf5 Qxf5 32. Nxf5 Bf6 33. Re3 Bg4 34. Nd6 Rd8 35. Ne4 Nd5 36. Ree1 Bf5 37. Nxg5 a3 38. bxa3 Nxc3 39. Nf3 Kf7 40. Bd2 Ne4 41. Be3 Rh8+ 42. Kg1 Nd6 43. Bf4 Be4 44. Nh2 Bd5 45. Be5 Nb5 46. Rad1 Nc3 47. Rd3 Nxa2 48. Ra1 b5 49. Bxf6 exf6 50. f3 b4 51. axb4 Nxb4 52. Ra7+ Kg6 53. Re3 Nc2 54. Ree7 Nxd4 55. g4 Kg5 56. Kg2 Kf4 57. Ra4 c5 58. Rd7 Bc6 59. Rdxd4+ cxd4 60. Rxd4+ Ke5 61. Rd6 Kxd6 62. Kg3 Re8 63. f4 Re3+ 64. Kh4 Re2 65. Nf1 Rf2 66. Ng3 Rxf4 67. Nh5 Ke5 68. Ng7 Bd7 69. Nh5 Rxg4+ 70. Kh3 Rg5+ 71. Kh4 Rxh5+ 72. Kxh5 f5 0-1

[Event "Titled Tuesday intern op 10th Sep Early"]
[Site "Chess,com INT"]
[Date "2024.09.10"]
[Round "4"]
[White "Oparin, Grigoriy"]
[Black "Kaidanov, Gregory S"]
[Result "1-0"]
[WhiteElo "2662"]
[BlackElo "2534"]
[PlyCount "101"]
[EventDate "2024.09.10"]
[EventType "swiss (blitz)"]
[EventRounds "11"]
[EventCountry "USA"]
[SourceTitle "EXT 2025"]
[Source "ChessBase"]
[SourceDate "2024.10.14"]
[SourceVersion "1"]
[SourceVersionDate "2024.10.14"]
[SourceQuality "1"]

1. c4 e6 2. Nc3 d5 3. d4 Nf6 4. cxd5 exd5 5. Bg5 Be7 6. e3 c6 7. Bd3 0-0 8. Nf3 h6 9. Bf4 Re8 10. h3 Bd6 11. Bxd6 Qxd6 12. 0-0 a5 13. Qc2 Nbd7 14. Rae1 b6 15. e4 dxe4 16. Nxe4 Nxe4 17. Bxe4 Bb7 18. Re3 Nf6 19. Rfe1 Nxe4 20. Rxe4 Rxe4 21. Qxe4 Rd8 22. a3 Ba8 23. Qe7 Qxe7 24. Rxe7 c5 25. dxc5 Bxf3 26. gxf3 bxc5 27. Re5 Rc8 28. a4 f6 29. Rd5 Kf7 30. Rd7+ Ke6 31. Ra7 Rb8 32. Rxa5 Rxb2 33. Rxc5 Ra2 34. a5 g5 35. Kg2 h5 36. f4 g4 37. Rxh5 gxh3+ 38. Kxh3 f5 39. a6 Ra4 40. Kg3 Ra3+ 41. f3 Ra4 42. Rh7 Kf6 43. Rh6+ Kg7 44. Rb6 Kf7 45. Rc6 Ke7 46. Rh6 Kf7 47. Rb6 Ke7 48. Rc6 Kd7 49. Rh6 Ke7 50. a7 Kf7 51. Rh8 1-0

[Event "Titled Tuesday intern op 27th Aug Early"]
[Site "Chess.com INT"]
[Date "2024.08.27"]
[Round "3"]
[White "Bruyatskaya, Marina"]
[Black "Kaidanov, Gregory S"]
[Result "1-0"]
[WhiteElo "2111"]
[BlackElo "2534"]
[PlyCount "75"]
[EventDate "2024.08.27"]
[EventType "swiss (blitz)"]
[EventRounds "11"]
[EventCountry "USA"]
[SourceTitle "EXT 2025"]
[Source "ChessBase"]
[SourceDate "2024.10.14"]
[SourceVersion "1"]
[SourceVersionDate "2024.10.14"]
[SourceQuality "1"]

1. e4 e5 2. Nf3 Nc6 3. Bb5 a6 4. Ba4 Nf6 5. 0-0 b5 6. Bb3 Bb7 7. d3 Be7 8. a4 0-0 9. Nc3 b4 10. Nd5 Na5 11. Nxe7+ Qxe7 12. c3 bxc3 13. bxc3 Nxb3 14. Qxb3 Rab8 15. Ba3 d6 16. Qc2 c5 17. Nd2 Bc6 18. f3 Nh5 19. d4 cxd4 20. cxd4 Rfc8 21. Nc4 Bd7 22. Rfc1 Qe8 23. Bxd6 Rb7 24. Bxe5 f6 25. Bd6 Qg6 26. Qa2 Be6 27. d5 Bd7 28. Na5 Rxc1+ 29. Rxc1 Qg5 30. Qc2 Qe3+ 31. Kh1 Bxa4 32. Qc8+ Kf7 33. Nxb7 Kg6 34. Qf5+ Kh6 35. Rg1 g6 36. Qc8 Qf2 37. Bf8+ Kg5 38. Qg4# 1-0

[Event "Titled Tuesday intern op 27th Aug Early"]
[Site "Chess.com INT"]
[Date "2024.08.27"]
[Round "9"]
[White "Kaidanov, Gregory S"]
[Black "Kubicka, Anna"]
[Result "1-0"]
[WhiteElo "2534"]
[BlackElo "2292"]
[PlyCount "71"]
[EventDate "2024.08.27"]
[EventType "swiss (blitz)"]
[EventRounds "11"]
[EventCountry "USA"]
[SourceTitle "EXT 2025"]
[Source "ChessBase"]
[SourceDate "2024.10.14"]
[SourceVersion "1"]
[SourceVersionDate "2024.10.14"]
[SourceQuality "1"]

1. Nf3 Nf6 2. g3 g6 3. Bg2 Bg7 4. 0-0 0-0 5. c4 d6 6. Nc3 c5 7. d4 Nc6 8. d5 Na5 9. Nd2 a6 10. Qc2 Rb8 11. b3 b5 12. cxb5 axb5 13. Bb2 Bd7 14. e4 c4 15. b4 Nb7 16. Rae1 Ng4 17. Nf3 Qb6 18. h3 Ne5 19. Nxe5 Bxe5 20. Kh2 Bg7 21. f4 f5 22. e5 Ra8 23. a3 dxe5 24. fxe5 e6 25. dxe6 Bxe6 26. Nd5 Qa7 27. Nc7 Rfe8 28. Nxb5 Qb6 29. Nd4 Rad8 30. Nxe6 Rxe6 31. Qxc4 Kh8 32. Re2 Rde8 33. Rd1 Bxe5 34. Rxe5 Rxe5 35. Qf7 Nd8 36. Qxe8+ 1-0

[Event "Titled Tuesday intern op 27th Aug Early"]
[Site "Chess.com INT"]
[Date "2024.08.27"]
[Round "6"]
[White "Kaidanov, Gregory S"]
[Black "Pein, Jonathan"]
[Result "1-0"]
[WhiteElo "2534"]
[BlackElo "2279"]
[PlyCount "99"]
[EventDate "2024.08.27"]
[EventType "swiss (blitz)"]
[EventRounds "11"]
[EventCountry "USA"]
[SourceTitle "EXT 2025"]
[Source "ChessBase"]
[SourceDate "2024.10.14"]
[SourceVersion "1"]
[SourceVersionDate "2024.10.14"]
[SourceQuality "1"]

1. Nf3 d6 2. d4 Nf6 3. c4 g6 4. Nc3 Bg7 5. e4 0-0 6. Be2 e5 7. d5 a5 8. h3 Nh5 9. g3 Na6 10. Bg5 Qe8 11. Nd2 Nc5 12. Nb3 f6 13. Be3 b6 14. Qd2 f5 15. Bxc5 bxc5 16. Bxh5 gxh5 17. Qe2 Qg6 18. 0-0-0 a4 19. Nd2 Bh6 20. Kb1 Bd7 21. Ka1 Rfb8 22. a3 Rb7 23. exf5 Bxf5 24. Nde4 Rab8 25. Rb1 Rb3 26. Ka2 Kh8 27. Rhe1 Bxh3 28. Nxa4 Bf5 29. Nac3 R3b6 30. Rh1 Bg4 31. f3 Bd7 32. Rh2 Bg7 33. Qd3 Bf5 34. Rbh1 Qxg3 35. Qd1 h4 36. Nxg3 hxg3 37. Rd2 h5 38. Rxh5+ Bh7 39. Qh1 Kg8 40. Rxh7 e4 41. Rxg7+ Kxg7 42. Nxe4 Rh8 43. Qg2 Rbb8 44. Qxg3+ Kf7 45. Qf4+ Ke7 46. Qf6+ Kd7 47. Qg7+ Kc8 48. Qxh8+ Kb7 49. Qxb8+ Kxb8 50. f4 1-0

[Event "Titled Tuesday intern op 27th Aug Early"]
[Site "Chess.com INT"]
[Date "2024.08.27"]
[Round "2"]
[White "Shafer, Logan Clark"]
[Black "Kaidanov, Gregory S"]
[Result "0-1"]
[WhiteElo "2097"]
[BlackElo "2534"]
[PlyCount "48"]
[EventDate "2024.08.27"]
[EventType "swiss (blitz)"]
[EventRounds "11"]
[EventCountry "USA"]
[SourceTitle "EXT 2025"]
[Source "ChessBase"]
[SourceDate "2024.10.14"]
[SourceVersion "1"]
[SourceVersionDate "2024.10.14"]
[SourceQuality "1"]

1. e4 e5 2. Nc3 Nf6 3. d4 exd4 4. Qxd4 Nc6 5. Qd3 Bb4 6. Bd2 0-0 7. 0-0-0 Re8 8. Nge2 d6 9. h3 Nd7 10. f4 Nc5 11. Qf3 a5 12. g4 a4 13. a3 Ba5 14. Bg2 Rb8 15. Ng3 Nd4 16. Qf2 Ndb3+ 17. cxb3 Nd3+ 18. Kc2 Nxf2 19. b4 Bb6 20. Nd5 Nxh1 21. Rxh1 c6 22. Ne3 d5 23. e5 f6 24. exf6 Bxe3 0-1

[Event "USA-ch Seniors"]
[Site "Saint Louis"]
[Date "2024.07.19"]
[Round "4"]
[White "Kaidanov, Gregory S"]
[Black "Akopian, Vladimir Eduardovic"]
[Result "1/2-1/2"]
[WhiteElo "2548"]
[BlackElo "2583"]
[PlyCount "98"]
[EventDate "2024.07.16"]
[EventType "tourn"]
[EventRounds "9"]
[EventCountry "USA"]
[EventCategory "10"]
[SourceTitle "EXT 2025"]
[Source "ChessBase"]
[SourceDate "2024.10.14"]
[SourceVersion "1"]
[SourceVersionDate "2024.10.14"]
[SourceQuality "1"]

1. d4 d5 2. c4 c6 3. Nf3 Nf6 4. Nc3 dxc4 5. a4 Bf5 6. Ne5 Nbd7 7. Nxc4 Qc7 8. g3 e5 9. dxe5 Nxe5 10. Bf4 Nfd7 11. Bg2 g5 12. Ne3 gxf4 13. Nxf5 0-0-0 14. Qc2 Kb8 15. gxf4 Nc4 16. e3 Nc5 17. Rd1 Rxd1+ 18. Nxd1 Qa5+ 19. Nc3 Qb6 20. Ne4 Qb4+ 21. Ke2 Qxb2 22. Qxb2 Nxb2 23. Nxc5 Bxc5 24. a5 a6 25. Rb1 Na4 26. Rb3 Kc7 27. Be4 Re8 28. Bd3 b5 29. axb6+ Bxb6 30. Bc4 Rf8 31. e4 Nc5 32. Rh3 Nxe4 33. Rxh7 Nd6 34. Nxd6 Kxd6 35. Bxa6 Ra8 36. Bc4 Ra4 37. Bxf7 Rxf4 38. f3 Bd8 39. Be8 Be7 40. Bxc6 Rh4 41. Rxh4 Bxh4 42. Ba4 Ke5 43. Kf1 Kf4 44. Kg2 Bd8 45. Bb3 Bh4 46. Ba4 Bd8 47. Bb3 Bh4 48. Ba4 Bd8 49. Bb3 Bh4 1/2-1/2

[Event "American Continental 18th"]
[Site "Medellin"]
[Date "2024.05.29"]
[Round "8"]
[White "Kaidanov, Gregory S"]
[Black "Wang, Justin"]
[Result "1/2-1/2"]
[WhiteElo "2550"]
[BlackElo "2504"]
[PlyCount "73"]
[EventDate "2024.05.24"]
[EventType "swiss"]
[EventRounds "11"]
[EventCountry "COL"]
[SourceTitle "CBM 220 Extra"]
[Source "ChessBase"]
[SourceDate "2024.07.31"]
[SourceVersion "1"]
[SourceVersionDate "2024.07.31"]
[SourceQuality "1"]

1. d4 d5 2. c4 c6 3. Nc3 Nf6 4. Nf3 e6 5. cxd5 exd5 6. Bf4 Bf5 7. e3 Qb6 8. Bd3 Bxd3 9. Qxd3 Qa6 10. Qxa6 Nxa6 11. h3 Be7 12. 0-0 0-0 13. Rfc1 Rfc8 14. Ne5 h6 15. g4 Nc7 16. Nd3 Ne6 17. Bh2 Ne4 18. Ne2 Bd6 19. Bxd6 Nxd6 20. Rc2 a5 21. a4 Nc7 22. Nef4 Na6 23. Kh2 Re8 24. Rg1 Ne4 25. h4 Kf8 26. b3 Nc7 27. Kg2 Ne6 28. Ne2 Nd6 29. Ng3 Nc7 30. Rh1 Ke7 31. f4 f6 32. Kf3 Kf7 33. h5 Re7 34. Re1 Rae8 35. Ree2 Ra8 36. Rc1 Kg8 37. Nc5 1/2-1/2

[Event "American Continental 18th"]
[Site "Medellin"]
[Date "2024.05.27"]
[Round "5"]
[White "Kaidanov, Gregory S"]
[Black "Guerrero Fandino, Gustavo A"]
[Result "1-0"]
[WhiteElo "2550"]
[BlackElo "2127"]
[PlyCount "87"]
[EventDate "2024.05.24"]
[EventType "swiss"]
[EventRounds "11"]
[EventCountry "COL"]
[SourceTitle "CBM 220 Extra"]
[Source "ChessBase"]
[SourceDate "2024.07.31"]
[SourceVersion "1"]
[SourceVersionDate "2024.07.31"]
[SourceQuality "1"]

1. e4 c5 2. Nf3 Nc6 3. d4 cxd4 4. Nxd4 g6 5. c4 Nf6 6. Nc3 d6 7. Be2 Nxd4 8. Qxd4 Bg7 9. 0-0 0-0 10. Qd3 Be6 11. Be3 Rc8 12. b3 Qa5 13. Rac1 Nd7 14. f3 a6 15. Qd2 Rfd8 16. Rfd1 Qc7 17. Kh1 Ne5 18. f4 Ng4 19. Bxg4 Bxg4 20. Nd5 Qd7 21. Rf1 Qe6 22. f5 Qd7 23. Nb6 Qc6 24. Nxc8 Rxc8 25. h3 Bh5 26. Qd5 Be2 27. Rfe1 Qxd5 28. cxd5 Rxc1 29. Rxc1 h5 30. fxg6 fxg6 31. Bg5 Kf7 32. Rc7 Bf6 33. Bxf6 Kxf6 34. Rxb7 Bd3 35. Ra7 Bxe4 36. Rxa6 Bxd5 37. Ra7 e5 38. Kg1 Be4 39. b4 Bd3 40. a4 Ke6 41. b5 Kd5 42. Rc7 e4 43. b6 Ba6 44. b7 1-0

[Event "American Continental 18th"]
[Site "Medellin"]
[Date "2024.05.26"]
[Round "4"]
[White "Fernandez Sanchez, Fernando Miguel"]
[Black "Kaidanov, Gregory S"]
[Result "0-1"]
[WhiteElo "2402"]
[BlackElo "2550"]
[PlyCount "86"]
[EventDate "2024.05.24"]
[EventType "swiss"]
[EventRounds "11"]
[EventCountry "COL"]
[SourceTitle "CBM 220 Extra"]
[Source "ChessBase"]
[SourceDate "2024.07.31"]
[SourceVersion "1"]
[SourceVersionDate "2024.07.31"]
[SourceQuality "1"]

1. d4 d5 2. c4 e6 3. Nf3 Nf6 4. cxd5 exd5 5. Nc3 c6 6. Bf4 Bd6 7. Bxd6 Qxd6 8. e3 Bf5 9. Nh4 Be6 10. Bd3 0-0 11. 0-0 Nbd7 12. Qc2 Nb6 13. Nf3 Rac8 14. h3 a6 15. Ng5 h6 16. Nxe6 fxe6 17. e4 dxe4 18. Nxe4 Nxe4 19. Bxe4 Qxd4 20. Rad1 Qb4 21. a3 Qe7 22. Qb3 Nd5 23. Bb1 Rf6 24. Rd3 Nf4 25. Re3 Rd8 26. Qc2 g6 27. h4 Rd4 28. g3 Nd5 29. Re4 Rxe4 30. Qxe4 h5 31. Re1 a5 32. Qd4 Qc7 33. Re5 Kf7 34. Rg5 Ne7 35. Re5 b6 36. Ba2 c5 37. Qe4 Qd6 38. Bc4 Nc6 39. Rg5 Nd4 40. Qb7+ Kf8 41. Qh7 Nf3+ 42. Kg2 Qc6 43. Qh8+ Ke7 0-1

[Event "American Continental 18th"]
[Site "Medellin"]
[Date "2024.05.25"]
[Round "2"]
[White "Henao, Bernardo Andres"]
[Black "Kaidanov, Gregory S"]
[Result "0-1"]
[WhiteElo "2064"]
[BlackElo "2550"]
[PlyCount "86"]
[EventDate "2024.05.24"]
[EventType "swiss"]
[EventRounds "11"]
[EventCountry "COL"]
[SourceTitle "CBM 220 Extra"]
[Source "ChessBase"]
[SourceDate "2024.07.31"]
[SourceVersion "1"]
[SourceVersionDate "2024.07.31"]
[SourceQuality "1"]

1. d4 d5 2. c4 e6 3. Nf3 Nf6 4. Nc3 c6 5. cxd5 exd5 6. g3 Bd6 7. Bg2 0-0 8. 0-0 Re8 9. Qc2 Nbd7 10. Nd2 Nb6 11. Re1 Be6 12. e4 dxe4 13. Ndxe4 Nxe4 14. Bxe4 h6 15. b3 Bb4 16. a3 Bxc3 17. Qxc3 Bd5 18. Bxd5 Nxd5 19. Rxe8+ Qxe8 20. Qd2 Qe4 21. Bb2 Re8 22. Qd1 Re6 23. Rc1 h5 24. Qxh5 Nf4 25. gxf4 Rg6+ 26. Kf1 Qd3+ 27. Qe2 Rg1+ 28. Kxg1 Qxe2 29. Bc3 Qg4+ 30. Kf1 Qxf4 31. Re1 Qxh2 32. Re3 Qh1+ 33. Ke2 Qb1 34. b4 Qa2+ 35. Bd2 Qc4+ 36. Rd3 f6 37. f4 Kf7 38. Be3 Ke6 39. Kd2 Kd5 40. Rc3 Qa2+ 41. Kc1 Ke4 42. Kd1 Qa1+ 43. Kd2 Qb2+ 0-1

[Event "American Continental 18th"]
[Site "Medellin"]
[Date "2024.05.25"]
[Round "3"]
[White "Kaidanov, Gregory S"]
[Black "Noboa Silva, Kevin Omar"]
[Result "1-0"]
[WhiteElo "2550"]
[BlackElo "2267"]
[PlyCount "60"]
[EventDate "2024.05.24"]
[EventType "swiss"]
[EventRounds "11"]
[EventCountry "COL"]
[SourceTitle "CBM 220 Extra"]
[Source "ChessBase"]
[SourceDate "2024.07.31"]
[SourceVersion "1"]
[SourceVersionDate "2024.07.31"]
[SourceQuality "1"]

1. d4 d5 2. c4 e6 3. Nc3 c6 4. e4 dxe4 5. Nxe4 Bb4+ 6. Bd2 Be7 7. Nf3 Nf6 8. Qc2 Nbd7 9. Bd3 Qc7 10. 0-0 0-0 11. Bg5 h6 12. Bh4 c5 13. Rfe1 cxd4 14. Nxd4 a6 15. Rad1 Re8 16. Bg3 Qb6 17. Nb3 Nxe4 18. Bxe4 Nf6 19. c5 Qa7 20. Be5 a5 21. a4 Nd5 22. Bxd5 exd5 23. Qc3 Bg4 24. Qg3 f6 25. Qxg4 fxe5 26. Rd3 d4 27. Rxd4 Bf6 28. Rd5 Rad8 29. Nd2 Qa6 30. Ne4 Rd6 1-0